| 000 | 01368nam a22003617a 4500 | ||
|---|---|---|---|
| 003 | CHAP | ||
| 005 | 20220329134445.0 | ||
| 008 | 971013s1994 r 00010 d | ||
| 010 | _a20716 | ||
| 011 | _a21688 | ||
| 035 | _a25778 | ||
| 040 | _cCHAP | ||
| 082 |
_a333.91 _bM4 1994-94 |
||
| 110 |
_aMéxico. Leyes, decretos, etc. _977071 |
||
| 245 | _aLey de aguas nacionales y su reglamento | ||
| 260 |
_aMéxico, D.F. : _bComisión Nacional del Agua, _c1994 |
||
| 300 | _a174 p. | ||
| 590 |
_aBATCH-UPD _b10 _c20130110 _lUCH01 _h0912 |
||
| 590 |
_aBATCH-UPD _b10 _c20130410 _lUCH01 _h0537 |
||
| 590 |
_aBATCH-UPD _b10 _c20130914 _lUCH01 _h0308 |
||
| 590 |
_aBATCH-UPD _b10 _c20141001 _lUCH01 _h1311 |
||
| 590 |
_aCONVERSION _b10 _c20130109 _lUCH01 _h1312 |
||
| 650 | 1 | 4 |
_aAgua _xLeyes _xMéxico. _92387 |
| 650 | 1 | 4 |
_aAgua _xUtilización. _92401 |
| 650 | 1 | 4 |
_aHidrología. _955257 |
| 901 | _aBK | ||
| 942 | _cLIBRO | ||
| 949 |
_a333.91 M4 1992-1994 _bBC _cLIBRO _d33724000463055 _eLIBRO _h87156 _i25778 _mD _si |
||
| 949 |
_a333.91 M4 1992-94 _bBC _cLIBRO _d33724000333407 _eLIBRO _fc.5 _h87160 _i25778 _mD _si |
||
| 949 |
_a333.91 M4 1992-94 _bBC _cLIBRO _d33724000333415 _eLIBRO _fc.3 _h87158 _i25778 _mD _si |
||
| 949 |
_a333.91 M4 1992-94 _bBC _cLIBRO _d33724000333522 _eLIBRO _fc.4 _h87159 _i25778 _mD _si |
||
| 949 |
_a333.91 M4 1992-94 _bBC _cLIBRO _d33724000333530 _eLIBRO _fc.2 _h87157 _i25778 _mD _si |
||
| 999 |
_c20716 _d20716 |
||